Statistics for Pokemon Multiple Choice

Click here to take the quiz!

General Stats

  • This quiz has been taken 26 times
  • The average score is 5 of 12

Answer Stats

QuestionAnswer% Correct
Which of these items does NOT help a gen 1 Pokemon to evolve?Reaper Cloth
73%
What percentage (approximately) of all moves in Pokemon games are Normal type?23%
59%
What proportion of HP does poison take each turn?1/8
50%
What is the power level of the move Aerial Ace?60
50%
If a Tyrogue has an Attack stat of 23 and a Defense stat of 22 as it reaches level 20, what will it evolve into?Hitmonlee
50%
How many legendary Pokemon are Fire type?8
45%
Which HM has NEVER been Water type?HM04
45%
How many different villain teams are there across the main Pokemon games?9
41%
Which Vitamin increases Special Attack?Calcium
36%
Which starter Pokemon has the highest base Speed stat?Froakie
27%
How many type resistances does Skarmory have? (not including type immunitites)8
23%
Which Champion's Pokemon has the highest level when you first fight them in the Pokemon League?Diantha's Gardevoir
18%

Score Distribution

Percentile by Number Answered

Percent of People with Each Score

Your Score History

You have not taken this quiz